000 00597nam a22001817a 4500
999 _c188049
_d188049
005 20220509142350.0
010 _aENG-132559
020 _a81860734151
_c150.00
035 _aEN-116091
037 _bDBAD/PUB
082 _a954.84
100 _aReddy, V. Ramakrishna
245 _aSocial and Economic Development Of Hyderabad State:
_cMedak Suba : 1905 - 1950/
260 _aHyderabad
_bPotti Sreeramulu Telugu University
_c2018
270 _aPublic Gardens, Hyderabad
_bHyderabad
_e500004
300 _aix, 264p
_c22cm(pbk)
_bBibliography
942 _2ddc
_cEN
_h954.84
_mRED